Opportunity to appeal over cull valuations (Record no. 69613)
[ view plain ]
| 000 -LEADER | |
|---|---|
| fixed length control field | 01053cam a2200217 4500 |
| 001 - CONTROL NUMBER | |
| control field | WB3808-32 |
| 008 - FIXED-LENGTH DATA ELEMENTS--GENERAL INFORMATION | |
| fixed length control field | 020227n2002 000 0 eng u |
| 035 ## - SYSTEM CONTROL NUMBER | |
| System control number | (Sirsi) u116876 |
| 245 ## - TITLE STATEMENT | |
| Title | Opportunity to appeal over cull valuations |
| 260 ## - PUBLICATION, DISTRIBUTION, ETC. | |
| Date of publication, distribution, etc. | 2002 |
| 490 ## - SERIES STATEMENT | |
| Series statement | Farmers Guardian |
| Volume/sequential designation | 22 February 2002, 24(1) |
| 520 ## - SUMMARY, ETC. | |
| Summary, etc. | Farmers affected by the 3km cull in Cumbria will be able to appeal against valuations of their animals. DEFRA has agreed to NFU's demands and will write to those farmers who voluntarily had their animals slaughtered, inviting them to apply for the right to challenge the valuations they were given. Farmers must also supply details of the incorrect information which prevented them from disputing the valuations. Farmers who do not receive their letter should call the DEFRA helpline on 0845 050 4343. |
| 590 ## - LOCAL NOTE (RLIN) | |
| Local note | WB |
| 650 ## - SUBJECT ADDED ENTRY--TOPICAL TERM | |
| Topical term or geographic name entry element | FOOT-AND-MOUTH DISEASE |
| 650 ## - SUBJECT ADDED ENTRY--TOPICAL TERM | |
| Topical term or geographic name entry element | CULLING POLICY |
| 650 ## - SUBJECT ADDED ENTRY--TOPICAL TERM | |
| Topical term or geographic name entry element | FARM ANIMALS |
| 650 ## - SUBJECT ADDED ENTRY--TOPICAL TERM | |
| Topical term or geographic name entry element | VALUATIONS |
| 650 ## - SUBJECT ADDED ENTRY--TOPICAL TERM | |
| Topical term or geographic name entry element | APPEALS |
| 690 ## - LOCAL SUBJECT ADDED ENTRY--TOPICAL TERM (OCLC, RLIN) | |
| Topical term or geographic name as entry element | RURAL-AGRICULTURE AND FORESTRY |
| 942 ## - ADDED ENTRY ELEMENTS (KOHA) | |
| Suppress in OPAC | 0 |
| Withdrawn status | Lost status | Source of classification or shelving scheme | Damaged status | Not for loan | Home library | Current library | Shelving location | Date acquired | Total Checkouts | Full call number | Barcode | Date last seen | Copy number | Price effective from | Koha item type |
|---|---|---|---|---|---|---|---|---|---|---|---|---|---|---|---|
| Dewey Decimal Classification | London | London | News article | 27/02/2002 | WB3808-32 | 116876-1001 | 06/08/2019 | 1 | 06/08/2019 | News article |